000 00593nam a2200181 a 4500
008 161014s2006 ||||||||||||||||| || u
020 _a9780552773324
050 _aJC 571 Pil
100 _aPilger, John
245 1 0 _aFreedom next time
_cBy John Pilger
260 _aLondon
_bBlack Swan
_c2006
300 _a476 p.
350 _a14.96
650 _aPOLITICAL PERSECUTION
650 _aCIVIL RIGHTS
650 0 _aHUMAN RIGHTS
995 _D14.96
_FCBU-MAIN LIBRARY (Kitwe)
_M1
_UAVAILABLE
_WNov 25, 2016
_ZMain Library Open Access Collection
999 _c43983
_d43983